00318nam a22001457a 4500003000500000020001500005038001200020082001600032100001300048245002500061260004100086300002300127500001500150563000700165NUST a9197229930 aKhadija a671.53bMOD aSandvik  aModern Metal Cutting aNew York :bSandvik Coromant,c1996. a(i-v) p. ;b22 cm. aHardcover. aHB